A-Z British Birds - Statistics

General Stats
  • This quiz has been taken 140 times
  • The average score is 17 of 22
Answer Stats
Picture Answer % Correct
Kingfisher
98%
Robin
94%
Peregrine
87%
Jay
86%
Bullfinch
85%
Swallow
85%
Gannet
83%
Moorhen
83%
Oystercatcher
82%
Avocet
78%
Eider
78%
Ibis
78%
Lapwing
78%
Yellowhammer
76%
Quail
73%
Turtle Dove
72%
Dipper
68%
Fieldfare
64%
Nightingale
63%
Waxwing
63%
Hobby
61%
Chough
59%
No matching quizzes found
Score Distribution
Percent of People with Each Score
Percentile by Number Answered
Your Score History
You have not taken this quiz